An Introduction to Mathematical Statistics & Its Applications / (Record no. 615273)

000 -LEADER
fixed length control field 00397nam a22001457a 4500
020 ## - INTERNATIONAL STANDARD BOOK NUMBER
Qualifying information HB.
040 ## - CATALOGING SOURCE
Transcribing agency Fizza Ishaq
082 ## - DEWEY DECIMAL CLASSIFICATION NUMBER
Classification number 519.5
Author Mark LAR
100 ## - MAIN ENTRY--PERSONAL NAME
Personal name LARSEN ,RICHARD J.
9 (RLIN) 131665
245 ## - TITLE STATEMENT
Title An Introduction to Mathematical Statistics & Its Applications /
Statement of responsibility, etc. RICHARD LARSEN.
250 ## - EDITION STATEMENT
Edition statement 2nd ed.
260 ## - PUBLICATION, DISTRIBUTION, ETC.
Place of publication, distribution, etc. New Jersey:
Name of publisher, distributor, etc. Prentice Hall,
Date of publication, distribution, etc. 1986.
300 ## - PHYSICAL DESCRIPTION
Extent 630 P. ;
942 ## - ADDED ENTRY ELEMENTS (KOHA)
Source of classification or shelving scheme
Koha item type Book
Holdings
Withdrawn status Lost status Source of classification or shelving scheme Damaged status Not for loan Permanent Location Current Location Date acquired Total Checkouts Full call number Barcode Date last seen Price effective from Koha item type
          NUST Baluchistan Campus (NBC) NUST Baluchistan Campus (NBC) 10/30/2025   519.5 LAR QD-54 10/30/2025 10/30/2025 Book
© 2023 Central Library, National University of Sciences and Technology. All Rights Reserved.